| 000 | 00602nam a2200169Ia 4500 | ||
|---|---|---|---|
| 008 | 090711s9999 xx 000 0 und d | ||
| 082 | _b59565 | ||
| 100 | _aढोले एन. आर. | ||
| 245 | _aजे. उाgऎष्णमूर्ति दर्शन | ||
| 260 |
_bपां. रा. ढमढेरे _c1949 |
||
| 300 | _a105 | ||
| 600 | _aढोले एन. आर. | ||
| 630 | _aजे. उाgऎष्णमूर्ति दर्शन | ||
| 700 | _aढोले एन. आर. | ||
| 730 | _aजे. उाgऎष्णमूर्ति दर्शन | ||
| 942 | _cBOOK | ||
| 999 |
_c286171 _d286171 |
||